000
00221nam a2200097Ia 4500
008
240331s9999 xx 000 0 und d
082
_b
MEE
100
_a
Meenatchsundaram, T.P
245
0
_a
Thamilum pira panpadum
942
_c
L
999
_c
2052
_d
2052